000
00278nam a2200109Ia 4500
008
200302s9999 xx 000 0 und d
100
_a
Spyros Horemis
245
_a
Optical and Geometrical Patterns and Designs
260
_b
Dover Publications Inc.
260
_c
1970
300
_a
92 P.,
999
_c
86
_d
86